Statistics for 20 most popular baby girls name in Malaysia - 2020

Click here to take the quiz!

General Stats

  • This quiz has been taken 42 times
  • The average score is 3 of 19

Answer Stats

Answer% Correct
Siti
52%
Nurul
45%
Sophia
45%
Nor
30%
Aishah
18%
Aminah
18%
Alya
15%
Hannah
9%
Zara
9%
Arianna
6%
Arissa
6%
Dhia
6%
Humaira
6%
Isabel
6%
Maryam
3%
Nayla
3%
Alicia
0%
Anuha
0%
Keisha
0%

Score Distribution

Percentile by Number Answered

Percent of People with Each Score

Your Score History

You have not taken this quiz